00503 2200193 4500001002100000005001500021035002000036007000300056008004100059020001500100082001000115084001600125100001800141245004700159250001100206260005100217300003100268990001000299INLIS00000000000632920210215033421 a0010-0221000093ta210215 g | ind  a9794484113 a573.4 a573.4 HER p0 aHeri Purwanto1 aPengantar Perilku Manusia /cHeri Purwanto aCet. 1 aJAKARTA :bPenerbit Buku Kedokteran EGC,c1998 ax, 167 hlm ;c12,5 x 19 cm a62559